000 00198nam a2200073Ia 4500
008 170617s9999 xx 000 0 und d
100 _aMohd. Ali/Gupta.Jyogi
245 0 _aDrug Store and Business Management
260 _bMumbai-Source
999 _c14797
_d14797